000
00340nam a22001457a 4500
005
20170406102954.0
008
170406b xxu||||| |||| 00| 0 eng d
020
_a
81-7133-785-6
041
_a
eng
100
_a
SRIVASTAVA, H.S.
_9
3830
245
_a
PLANT PHYSIOLOGY
260
_a
MEERUT
_b
RASTOGI PUBLICATION
300
_a
446
942
_c
BK
999
_c
5426
_d
5424